000 00966 a2200241 4500
008 080822t xxu||||| |||| 00| 0 eng d
010 _aENG-85099
020 _a8188689165
_c325.00
035 _aEN-68632
037 _bD.B.Act / Pub
082 _a515.352
100 _aSolari, H. G.
245 _aNonlinear dynamics
_ba two way trip from physics to math
_cby H. G. Solari, M. A. Natiello and G. B. Mindlin
260 _aNew Delhi
_bOverseas Press India
_c2005
270 _a7/28, Ansari Road, Darya Ganj
_bNew Delhi
_e110 002
_moverseas@de13.vsnl.nic.in
300 _axiii, 347p.
_b22cm.(Pbk)
500 _aincludes bibliographical refrences and index
700 _aNatiello, M. A.
700 _aMindlin, G. B.
710 _b.
942 _adpl
_cEN
_k515.352 / SOL
_2ddc
_h515.352
_mSOL
999 _c1344
_d1344